Movies Quiz

Random Movies or Director Quiz

Directors by Actors Quiz Stats

 Plays Quiz Updated Dec 30, 2016

Score 0/32 Timer 12:00
0 Plays Today
Actors Director % Correct
Helena Bonham Carter, Johnny Depp,
Christopher Lee, Lisa Marie
Tim Burton
82.3%
Samuel L. Jackson, Tim Roth,
Harvey Keitel, Uma Thurman
Quentin Tarantino
80.3%
Mia Farrow, Diane Keaton,
Dianne Wiest, Scarlett Johansson
Woody Allen
76.1%
Robert De Niro, Harvey Keitel,
Leonardo DiCaprio, Joe Pesci
Martin Scorsese
75.8%
Frances McDormand, Steve Buscemi,
John Goodman, John Turturro
Joel and Ethan Coen
65.5%
Jason Lee, Jason Mewes,
Ben Affleck, Joey Lauren Adams
Kevin Smith
59.2%
Dom DeLuise, Madeline Kahn,
Harvey Korman, Gene Wilder
Mel Brooks
56.5%
Cary Grant, James Stewart,
Ingrid Bergman, Grace Kelly
Alfred Hitchcock
54.6%
Clint Howard, Rance Howard,
Tom Hanks, Michael Keaton
Ron Howard
51.9%
Owen Wilson, Bill Murray,
Anjelica Huston, Seymour Cassel
Wes Anderson
50.2%
Joe Chrest, Matt Damon,
George Clooney, Eddie Jemison
Steven Soderbergh
48.2%
John Wayne, Henry Fonda,
James Stewart, Maureen O'Hara
John Ford
45.8%
Philip Seymour Hoffman, Melora Walters,
John C. Reilly, Luis Guzman
Paul Thomas Anderson
43.5%
Jack Nance, Laura Dern,
Kyle MacLachlan, Grace Zabriskie
David Lynch
42.5%
Eugene Levy, Catherine O'Hara,
Fred Willard, Parker Posey
Christopher Guest
41.7%
Cheech Marin, Antonio Banderas,
Salma Hayek, Elijah Wood
Robert Rodriguez
41.3%
Actors Director % Correct
Mink Stole, Divine,
Patricia Hearst, Ricki Lake
John Waters
37.2%
John Turturro, Ossie Davis,
Michael Imperioli, Denzel Washington
Spike Lee
36.9%
Robert Duvall, Diane Lane,
Laurence Fishburne, Nicolas Cage
Francis Ford Coppola
34.9%
Michael Palin, Katherine Helmond,
Jonathan Pryce, Jack Purvis
Terry Gilliam
33.6%
Jack Lemmon, William Holden,
Joan Shawlee, Walter Matthau
Billy Wilder
29.4%
Denzel Washington, James Gandolfini,
Val Kilmer, Christopher Walken
Tony Scott
24.1%
Shelley Duvall, Elliott Gould,
Lily Tomlin, Tim Robbins
Robert Altman
23.6%
Barbara Stanwyck, Jack Holt,
James Stewart, Jean Arthur
Frank Capra
22.3%
Matt Damon, Casey Affleck,
Alison Folland, Grace Zabriskie
Gus Van Sant
21.9%
Gena Rowlands, Seymour Cassel,
Peter Falk, Ben Gazzara
John Cassavetes
18.3%
Isaach De Bankolé, Roberto Benigni,
Bill Murray, Tom Waits
Jim Jarmusch
17.1%
Ricky Jay, Rebecca Pidgeon,
William H. Macy, Joe Mantegna
David Mamet
16.1%
Lesley Manville, Timothy Spall,
Jim Broadbent, Katrin Cartlidge
Mike Leigh
14.4%
Frank Whaley, Tommy Lee Jones,
James Woods, Mark Moses
Oliver Stone
11.9%
Cary Grant, John Wayne,
Walter Brennan, Gary Cooper
Howard Hawks
11%
David Strathairn, Chris Cooper,
Kris Kristofferson, Angela Bassett
John Sayles
8.4%

You're not logged in!

Compare scores with friends on all Sporcle quizzes.
OR
Log In

Sporcle TV

Today on Sporcle TV


Watch our educational content, quiz creation guides, and fun videos on Sporcle TV.

Show Comments

Extras

Top Quizzes Today


Score Distribution

Your Account Isn't Verified!

In order to create a playlist on Sporcle, you need to verify the email address you used during registration. Go to your Sporcle Settings to finish the process.

Report this User

Report this user for behavior that violates our Community Guidelines.

Details: